[Event "Hampshire Open"]
[Site "Eastleigh"]
[Date "2012.11.17"]
[Round "4"]
[White "Cordner, David A"]
[Black "Gill, Oliver"]
[Result "1/2-1/2"]
[WhiteElo "1994"]
[BlackElo "1984"]
[PlyCount "108"]
[EventDate "2012.11.16"]
[EventType "swiss"]
[EventRounds "6"]
[EventCountry "ENG"]
[SourceTitle "BritBase"]
[Source "John Saunders"]
[SourceDate "2025.01.31"]
[SourceVersion "1"]
[SourceVersionDate "2025.01.31"]
[SourceQuality "1"]

1. e4 e5 2. Nf3 Nf6 3. Nxe5 d6 4. Nf3 Nxe4 5. Nc3 Nxc3 6. dxc3 Be7 7. Bf4 O-O 8. Qd2 Nd7 9. O-O-O Nc5 10. Bc4 c6 11. Bxd6 Qxd6 12. Qxd6 Bxd6 13. Rxd6 Ne4 14. Rd4 Nxf2 15. Rf1 Ng4 16. Bb3 c5 17. Rf4 Nf6 18. Ng5 Bd7 19. Ne4 Nxe4 20. Rxe4 Rae8 21. Rxe8 Bxe8 22. Bd5 b6 23. Re1 Bd7 24. Re7 Be6 25. c4 a6 26. a4 Bc8 27. Bb7 f5 28. Bxc8 Rxc8 29. Re6 Rb8 30. a5 bxa5 31. Rxa6 Re8 32. Rxa5 Re2 33. Rxc5 Rxg2 34. Rxf5 Rxh2 35. c5 Rh4 36. b3 Rb4 37. c6 Rb8 38. b4 Rxb4 39. Rd5 Rc4 40. Rd8+ Kf7 41. Rd7+ Kf6 42. c7 h5 43. Kb2 h4 44. Rd4 Rxc7 45. Rxh4 g5 46. Rh1 g4 47. Kb3 Kf5 48. c4 g3 49. Kb4 Ke4 50. Rg1 Kf3 51. c5 Kf2 52. Rc1 Re7 53. Rc2+ Kf1 54. Rc1+ Kf2 1/2-1/2

[Event "Hampshire Open"]
[Site "Eastleigh"]
[Date "2012.11.17"]
[Round "4"]
[White "Pafura, Godfrey"]
[Black "Tunks, Dominic R"]
[Result "0-1"]
[WhiteElo "2109"]
[BlackElo "2055"]
[PlyCount "76"]
[EventDate "2012.11.16"]
[EventType "swiss"]
[EventRounds "6"]
[EventCountry "ENG"]
[SourceTitle "BritBase"]
[Source "John Saunders"]
[SourceDate "2025.01.31"]
[SourceVersion "1"]
[SourceVersionDate "2025.01.31"]
[SourceQuality "1"]

1. d4 Nf6 2. c4 e6 3. Nf3 b6 4. Nc3 Bb7 5. Bg5 h6 6. Bh4 d6 7. e3 Nbd7 8. Qa4 Be7 9. c5 bxc5 10. Bxf6 Bxf6 11. dxc5 O-O 12. cxd6 cxd6 13. Rd1 Nc5 14. Qa3 a5 15. Nd4 Qb6 16. f3 d5 17. Be2 Qb4 18. Kf2 Rfc8 19. Ncb5 Qxa3 20. Nxa3 Na4 21. Rd2 Be7 22. Nab5 Bb4 23. Rc2 e5 24. b3 Nc5 25. Nf5 Ne4+ 26. fxe4 Rxc2 27. exd5 Bxd5 28. a3 Bf8 29. e4 Bxb3 30. Ne3 Bc5 31. Kf3 Bxe3 32. Bd3 Bd4 33. Bxc2 Bxc2 34. Rc1 Rc8 35. Nxd4 exd4 36. Kf4 Rc5 37. e5 g5+ 38. Kg3 d3 0-1

[Event "Hampshire Open"]
[Site "Eastleigh"]
[Date "2012.11.17"]
[Round "4"]
[White "Thompson, Ian D"]
[Black "Fowler, David W"]
[Result "1/2-1/2"]
[WhiteElo "2239"]
[BlackElo "1860"]
[PlyCount "102"]
[EventDate "2012.11.16"]
[EventType "swiss"]
[EventRounds "6"]
[EventCountry "ENG"]
[SourceTitle "BritBase"]
[Source "John Saunders"]
[SourceDate "2025.01.31"]
[SourceVersion "1"]
[SourceVersionDate "2025.01.31"]
[SourceQuality "1"]

1. c4 e6 2. Nc3 d5 3. d4 c6 4. e3 Nf6 5. Nf3 Nbd7 6. Bd3 dxc4 7. Bxc4 b5 8. Bd3 Bd6 9. O-O O-O 10. Bd2 Bb7 11. Rc1 a6 12. Ne4 Nxe4 13. Bxe4 Qb6 14. b4 e5 15. dxe5 Nxe5 16. Nxe5 Bxe5 17. Bxh7+ Kxh7 18. Qh5+ Kg8 19. Qxe5 Rfe8 20. Qg3 Re6 21. Rc5 Rg6 22. Qe5 Re6 23. Qc3 Qd8 24. f4 Rd6 25. Bc1 Rd3 26. Qe5 Qd7 27. Qh5 f6 28. Qh4 a5 29. bxa5 Rd5 30. Rc2 c5 31. Qe1 c4 32. Bb2 Rd8 33. Bd4 Qe6 34. Qc3 Qe4 35. Rb2 Rh5 36. Qc2 Qd5 37. a4 bxa4 38. Qxa4 Ba8 39. Rd1 Rc8 40. a6 Rh6 41. Qb5 Qe6 42. a7 c3 43. Rc2 Qe4 44. Qe2 Rg6 45. Rf1 f5 46. Rf2 Rgc6 47. Qb5 Rc4 48. Qd7 R4c7 49. Qa4 Bd5 50. Qa1 Kf7 51. h3 Kg8 1/2-1/2

[Event "Hampshire Open"]
[Site "Eastleigh"]
[Date "2012.11.18"]
[Round "5"]
[White "Dixit, Kumar"]
[Black "Pafura, Godfrey"]
[Result "0-1"]
[WhiteElo "1885"]
[BlackElo "2109"]
[PlyCount "76"]
[EventDate "2012.11.16"]
[EventType "swiss"]
[EventRounds "6"]
[EventCountry "ENG"]
[SourceTitle "BritBase"]
[Source "John Saunders"]
[SourceDate "2025.01.31"]
[SourceVersion "1"]
[SourceVersionDate "2025.01.31"]
[SourceQuality "1"]

1. d4 Nf6 2. Nf3 g6 3. c4 Bg7 4. Nc3 O-O 5. e4 d6 6. Be2 Nbd7 7. Bg5 c6 8. Qd2 Qc7 9. O-O e5 10. d5 Nc5 11. Bxf6 Bxf6 12. dxc6 bxc6 13. Rac1 a5 14. Qc2 Be7 15. Na4 Ne6 16. Rfd1 f5 17. c5 dxc5 18. Bc4 fxe4 19. Qb3 exf3 20. Bxe6+ Kh8 21. Nxc5 Bxc5 22. Rxc5 Rb8 23. Qc3 Bxe6 24. Rxc6 Qf7 25. Qxe5+ Qf6 26. Rxe6 Qxe5 27. Rxe5 Rxb2 28. gxf3 Rxf3 29. Rd7 Rbxf2 30. Re8+ Rf8 31. Ree7 Rf1+ 32. Kg2 R8f2+ 33. Kg3 h5 34. Rh7+ Kg8 35. Rhg7+ Kf8 36. Rh7 Rf7 37. Rd8+ Ke7 38. Rhh8 Rg1+ 0-1

[Event "Hampshire Open"]
[Site "Eastleigh"]
[Date "2012.11.18"]
[Round "5"]
[White "Edney, Richard H"]
[Black "Dawson, David"]
[Result "0-1"]
[WhiteElo "1914"]
[BlackElo "2058"]
[PlyCount "58"]
[EventDate "2012.11.16"]
[EventType "swiss"]
[EventRounds "6"]
[EventCountry "ENG"]
[SourceTitle "BritBase"]
[Source "John Saunders"]
[SourceDate "2025.01.31"]
[SourceVersion "1"]
[SourceVersionDate "2025.01.31"]
[SourceQuality "1"]

1. d4 Nf6 2. Bg5 h6 3. Bxf6 exf6 4. c4 c5 5. d5 b5 6. e3 bxc4 7. Bxc4 d6 8. Nc3 Be7 9. Nge2 O-O 10. O-O Nd7 11. a3 f5 12. Nf4 Nf6 13. Qc2 Re8 14. Rfe1 Bf8 15. Bd3 g6 16. e4 g5 17. Nh3 f4 18. f3 Qb6 19. Kh1 Rb8 20. Rab1 Nd7 21. Nf2 Ne5 22. b4 Bd7 23. b5 c4 24. Bf1 Qa5 25. a4 Bg7 26. Rec1 Rec8 27. Nfd1 Rb7 28. Na2 Nd3 29. Bxd3 Qe1+ 0-1

[Event "Hampshire Open"]
[Site "Eastleigh"]
[Date "2012.11.18"]
[Round "5"]
[White "Fowler, David W"]
[Black "Abbott, Mark V"]
[Result "1/2-1/2"]
[WhiteElo "1860"]
[BlackElo "1971"]
[PlyCount "121"]
[EventDate "2012.11.16"]
[EventType "swiss"]
[EventRounds "6"]
[EventCountry "ENG"]
[SourceTitle "BritBase"]
[Source "John Saunders"]
[SourceDate "2025.01.31"]
[SourceVersion "1"]
[SourceVersionDate "2025.01.31"]
[SourceQuality "1"]

1. e4 c5 2. Nf3 g6 3. d4 cxd4 4. Qxd4 Nf6 5. e5 Nc6 6. Qf4 Nd5 7. Qe4 Nc7 8. Bf4 Bg7 9. Nc3 O-O 10. Qe3 b5 11. O-O-O b4 12. Ne4 Ne6 13. Bh6 Qa5 14. Bxg7 Kxg7 15. Bc4 Nxe5 16. Nxe5 Qxe5 17. f4 Qxf4 18. Qxf4 Nxf4 19. g3 Nh5 20. Rhe1 d6 21. Ng5 h6 22. Bd5 Rb8 23. Nf3 e6 24. Bb3 Bb7 25. Re3 Bxf3 26. Rxf3 d5 27. Rdf1 f5 28. Re1 Rb6 29. Rfe3 Rf6 30. Kd2 f4 31. Rd3 fxg3 32. hxg3 Rf2+ 33. Re2 Rxe2+ 34. Kxe2 Nf6 35. c4 bxc3 36. bxc3 Ne4 37. c4 Nc5 38. Re3 Nxb3 39. axb3 dxc4 40. bxc4 Kf6 41. Rc3 a5 42. c5 Rc6 43. Kd3 Ke5 44. Kc4 h5 45. Re3+ Kf5 46. Kb5 Rc8 47. c6 g5 48. Kb6 h4 49. gxh4 gxh4 50. c7 e5 51. Rc3 a4 52. Rc4 e4 53. Rxa4 Kf4 54. Kb7 Rxc7+ 55. Kxc7 Kf3 56. Kd6 h3 57. Ke5 h2 58. Ra1 e3 59. Kd4 e2 60. Kd3 Kf2 61. Kd2 1/2-1/2

[Event "Hampshire Open"]
[Site "Eastleigh"]
[Date "2012.11.18"]
[Round "5"]
[White "Gill, Oliver"]
[Black "Thompson, Ian D"]
[Result "0-1"]
[WhiteElo "1984"]
[BlackElo "2239"]
[PlyCount "76"]
[EventDate "2012.11.16"]
[EventType "swiss"]
[EventRounds "6"]
[EventCountry "ENG"]
[SourceTitle "BritBase"]
[Source "John Saunders"]
[SourceDate "2025.01.31"]
[SourceVersion "1"]
[SourceVersionDate "2025.01.31"]
[SourceQuality "1"]

1. e4 e6 2. d4 d5 3. exd5 exd5 4. c4 Bb4+ 5. Nc3 Ne7 6. Bd3 Nbc6 7. Nge2 Bg4 8. f3 Bf5 9. a3 Bxc3+ 10. bxc3 dxc4 11. Bxc4 O-O 12. O-O Nd5 13. Kh1 Qd7 14. Bd3 Nb6 15. Bf4 Rfe8 16. Ng3 Bg6 17. Bxg6 hxg6 18. Qd3 Na5 19. Ne4 Nac4 20. Rfe1 Qc6 21. h3 Rad8 22. Ng5 Nd5 23. Bd2 Nxd2 24. Qxd2 Qxc3 25. Rxe8+ Rxe8 26. Qxc3 Nxc3 27. Rc1 Nd5 28. Rc5 c6 29. Ne4 Re7 30. Nd6 Rd7 31. Ne4 Nf6 32. Re5 Rxd4 33. Nxf6+ gxf6 34. Re7 Rd1+ 35. Kh2 Rb1 36. Kg3 a5 37. Kf4 b5 38. Ke4 Re1+ 0-1

[Event "Hampshire Open"]
[Site "Eastleigh"]
[Date "2012.11.18"]
[Round "5"]
[White "Iyengar, Ilya"]
[Black "Chapman, Matt"]
[Result "0-1"]
[WhiteElo "2019"]
[BlackElo "2075"]
[PlyCount "76"]
[EventDate "2012.11.16"]
[EventType "swiss"]
[EventRounds "6"]
[EventCountry "ENG"]
[SourceTitle "BritBase"]
[Source "John Saunders"]
[SourceDate "2025.01.31"]
[SourceVersion "1"]
[SourceVersionDate "2025.01.31"]
[SourceQuality "1"]

1. d4 d5 2. c4 c6 3. Nf3 Nf6 4. Nc3 e6 5. Bg5 Nbd7 6. e3 Bb4 7. Rc1 O-O 8. cxd5 exd5 9. Bd3 Qc7 10. O-O Bxc3 11. Rxc3 Ne4 12. Rc2 Nxg5 13. Nxg5 Nf6 14. b4 a6 15. a4 Qd6 16. b5 axb5 17. axb5 Bd7 18. Qb1 Rfc8 19. Rfc1 h6 20. Nf3 Rab8 21. Ne5 Ng4 22. Nxg4 Bxg4 23. bxc6 bxc6 24. Rb2 Kf8 25. h3 Bd7 26. Rcc2 Ke7 27. Ba6 Rxb2 28. Rxb2 Ra8 29. Bd3 Rc8 30. Rb7 Rc7 31. Rb6 Rc8 32. Ba6 Ra8 33. Bb7 Rb8 34. Rb3 Qc7 35. Qb2 Kf6 36. Rb6 Bc8 37. e4 Rxb7 38. e5+ Ke6 0-1

[Event "Hampshire Open"]
[Site "Eastleigh"]
[Date "2012.11.18"]
[Round "5"]
[White "Tambini, Jasper"]
[Black "Lock, Gavin R"]
[Result "0-1"]
[WhiteElo "1969"]
[BlackElo "2162"]
[PlyCount "64"]
[EventDate "2012.11.16"]
[EventType "swiss"]
[EventRounds "6"]
[EventCountry "ENG"]
[SourceTitle "BritBase"]
[Source "John Saunders"]
[SourceDate "2025.01.31"]
[SourceVersion "1"]
[SourceVersionDate "2025.01.31"]
[SourceQuality "1"]

1. e4 e6 2. d4 d5 3. e5 c5 4. c3 Qb6 5. Nf3 Nc6 6. a3 Nh6 7. b4 cxd4 8. cxd4 Nf5 9. Bb2 Be7 10. h4 O-O 11. g4 Nh6 12. Rg1 f6 13. exf6 Rxf6 14. g5 Rxf3 15. Qxf3 Nf5 16. Bd3 Ncxd4 17. Qd1 Bd7 18. Nd2 Rf8 19. Nf3 Ba4 20. Nxd4 Bxd1 21. Rxd1 Nxh4 22. Rg4 Ng6 23. Bc2 Bxb4+ 24. axb4 Qxb4+ 25. Rd2 Qxb2 26. Ke2 Qc3 27. Rd3 Qc5 28. Rd1 e5 29. Bxg6 hxg6 30. Nf3 Qb5+ 31. Ke3 Qb3+ 32. Rd3 Rxf3+ 0-1

[Event "Hampshire Open"]
[Site "Eastleigh"]
[Date "2012.11.18"]
[Round "5"]
[White "Tunks, Dominic R"]
[Black "Cordner, David A"]
[Result "1-0"]
[WhiteElo "2055"]
[BlackElo "1994"]
[PlyCount "21"]
[EventDate "2012.11.16"]
[EventType "swiss"]
[EventRounds "6"]
[EventCountry "ENG"]
[SourceTitle "BritBase"]
[Source "John Saunders"]
[SourceDate "2025.01.31"]
[SourceVersion "1"]
[SourceVersionDate "2025.01.31"]
[SourceQuality "1"]

1. e4 c6 2. d3 d5 3. Nd2 dxe4 4. dxe4 g6 5. a4 Bg7 6. Bc4 Nd7 7. Ngf3 Ne5 8. Nxe5 Bxe5 9. Qe2 Nf6 10. Nf3 Bg4 11. Bxf7+ 1-0

[Event "Hampshire Open"]
[Site "Eastleigh"]
[Date "2012.11.18"]
[Round "6"]
[White "Cordner, David A"]
[Black "Abbott, Mark V"]
[Result "1/2-1/2"]
[WhiteElo "1994"]
[BlackElo "1971"]
[PlyCount "67"]
[EventDate "2012.11.16"]
[EventType "swiss"]
[EventRounds "6"]
[EventCountry "ENG"]
[SourceTitle "BritBase"]
[Source "John Saunders"]
[SourceDate "2025.01.31"]
[SourceVersion "1"]
[SourceVersionDate "2025.01.31"]
[SourceQuality "1"]

1. d4 g6 2. e4 Bg7 3. Bc4 c5 4. Nf3 cxd4 5. Nxd4 Nc6 6. Nxc6 bxc6 7. O-O Nf6 8. e5 Nd5 9. Nd2 O-O 10. Nf3 Nb6 11. Bb3 a5 12. c3 Ba6 13. Re1 Nc4 14. Bxc4 Bxc4 15. Bg5 Rb8 16. b3 Bd5 17. c4 Bxf3 18. Qxf3 f6 19. exf6 Bxf6 20. Bxf6 Rxf6 21. Qe4 Rf7 22. Rad1 a4 23. Re3 axb3 24. axb3 Ra8 25. h4 Ra2 26. Rf3 Rxf3 27. Qxf3 Qe8 28. g3 d6 29. Re1 Qf7 30. Kg2 Qxf3+ 31. Kxf3 Kf7 32. Re3 Rb2 33. g4 h6 34. Kg3 1/2-1/2

[Event "Hampshire Open"]
[Site "Eastleigh"]
[Date "2012.11.18"]
[Round "6"]
[White "Dawson, David"]
[Black "Gill, Oliver"]
[Result "0-1"]
[WhiteElo "2058"]
[BlackElo "1984"]
[PlyCount "44"]
[EventDate "2012.11.16"]
[EventType "swiss"]
[EventRounds "6"]
[EventCountry "ENG"]
[SourceTitle "BritBase"]
[Source "John Saunders"]
[SourceDate "2025.01.31"]
[SourceVersion "1"]
[SourceVersionDate "2025.01.31"]
[SourceQuality "1"]

1. e4 e5 2. Nf3 Nf6 3. d4 exd4 4. e5 Ne4 5. Qxd4 f5 6. exf6 Nxf6 7. Nc3 Nc6 8. Qe3+ Be7 9. Bd2 d5 10. Nd4 Ng4 11. Qd3 O-O 12. Nxc6 bxc6 13. f3 Bh4+ 14. g3 Ne5 15. Qe2 Nxf3+ 16. Kd1 Nxd2 17. Qxd2 Bg5 18. Qd4 Bf6 19. Qc5 Bg4+ 20. Kc1 Bf3 21. Rg1 Bg5+ 22. Kb1 Qe8 0-1

[Event "Hampshire Open"]
[Site "Eastleigh"]
[Date "2012.11.18"]
[Round "6"]
[White "Edney, Richard H"]
[Black "Tambini, Jasper"]
[Result "0-1"]
[WhiteElo "1914"]
[BlackElo "1969"]
[PlyCount "66"]
[EventDate "2012.11.16"]
[EventType "swiss"]
[EventRounds "6"]
[EventCountry "ENG"]
[SourceTitle "BritBase"]
[Source "John Saunders"]
[SourceDate "2025.01.31"]
[SourceVersion "1"]
[SourceVersionDate "2025.01.31"]
[SourceQuality "1"]

1. d4 d5 2. c4 e6 3. Nc3 Nf6 4. cxd5 exd5 5. Bg5 Be7 6. e3 O-O 7. Bd3 h6 8. Bh4 c6 9. Qc2 Be6 10. Nge2 Nbd7 11. h3 c5 12. O-O Re8 13. Rac1 Rc8 14. a3 a6 15. Qb1 b5 16. Nf4 Nf8 17. Nxe6 Nxe6 18. Ne2 c4 19. Bf5 Rc6 20. Rfd1 g6 21. Bxg6 fxg6 22. Qxg6+ Kh8 23. Bxf6+ Bxf6 24. Qxh6+ Kg8 25. Qg6+ Bg7 26. Qh5 Ng5 27. Nf4 Rh6 28. Qg4 Ne6 29. Nxe6 Rexe6 30. Qf5 Reg6 31. b3 Rg5 32. Qf3 Qd7 33. bxc4 Rf6 0-1

[Event "Hampshire Open"]
[Site "Eastleigh"]
[Date "2012.11.18"]
[Round "6"]
[White "Iyengar, Ilya"]
[Black "Dixit, Kumar"]
[Result "1-0"]
[WhiteElo "2019"]
[BlackElo "1885"]
[PlyCount "67"]
[EventDate "2012.11.16"]
[EventType "swiss"]
[EventRounds "6"]
[EventCountry "ENG"]
[SourceTitle "BritBase"]
[Source "John Saunders"]
[SourceDate "2025.01.31"]
[SourceVersion "1"]
[SourceVersionDate "2025.01.31"]
[SourceQuality "1"]

1. d4 d5 2. c4 c6 3. Nf3 Nf6 4. Nc3 e6 5. Bg5 dxc4 6. e4 b5 7. e5 h6 8. Bh4 g5 9. Nxg5 hxg5 10. Bxg5 Nbd7 11. exf6 Bb7 12. Be2 Qb6 13. Bf3 O-O-O 14. O-O c5 15. Bxb7+ Qxb7 16. d5 Ne5 17. Qe2 b4 18. dxe6 Qb8 19. f4 fxe6 20. Qxe5 Qxe5 21. fxe5 bxc3 22. bxc3 Rd3 23. Rac1 Kd7 24. Rcd1 a5 25. Rxd3+ cxd3 26. c4 Rh5 27. h4 d2 28. Rd1 Bh6 29. Rxd2+ Ke8 30. Bxh6 Rxh6 31. g3 Rh5 32. Re2 Rf5 33. Kg2 Kf7 34. Re4 1-0

[Event "Hampshire Open"]
[Site "Eastleigh"]
[Date "2012.11.18"]
[Round "6"]
[White "Thompson, Ian D"]
[Black "Lock, Gavin R"]
[Result "1/2-1/2"]
[WhiteElo "2239"]
[BlackElo "2162"]
[PlyCount "71"]
[EventDate "2012.11.16"]
[EventType "swiss"]
[EventRounds "6"]
[EventCountry "ENG"]
[SourceTitle "BritBase"]
[Source "John Saunders"]
[SourceDate "2025.01.31"]
[SourceVersion "1"]
[SourceVersionDate "2025.01.31"]
[SourceQuality "1"]

1. Nf3 f5 2. d4 Nf6 3. Bg5 e6 4. Nbd2 Be7 5. Bxf6 Bxf6 6. e4 d5 7. exf5 exf5 8. Ne5 O-O 9. f4 c5 10. Ndf3 cxd4 11. Qxd4 Nc6 12. Qc5 Be7 13. Nxc6 bxc6 14. Qxc6 Qa5+ 15. c3 Rb8 16. Rd1 Rxb2 17. Qxd5+ Qxd5 18. Rxd5 Bf6 19. Ne5 Be6 20. Rd2 Rfb8 21. Bd3 g5 22. Rxb2 Rxb2 23. O-O gxf4 24. Nc4 Rxa2 25. Rxf4 Bxc3 26. Bxf5 Bxf5 27. Rxf5 Bd4+ 28. Kf1 Rc2 29. Nd6 Kg7 30. h4 Bb6 31. g4 Rc5 32. Ne8+ Kg8 33. Nf6+ Kg7 34. Ne8+ Kg8 35. Nf6+ Kg7 36. Ne8+ 1/2-1/2

[Event "Hampshire Open"]
[Site "Eastleigh"]
[Date "2012.11.18"]
[Round "6"]
[White "Tunks, Dominic R"]
[Black "Fowler, David W"]
[Result "1-0"]
[WhiteElo "2055"]
[BlackElo "1860"]
[PlyCount "77"]
[EventDate "2012.11.16"]
[EventType "swiss"]
[EventRounds "6"]
[EventCountry "ENG"]
[SourceTitle "BritBase"]
[Source "John Saunders"]
[SourceDate "2025.01.31"]
[SourceVersion "1"]
[SourceVersionDate "2025.01.31"]
[SourceQuality "1"]

1. e4 e5 2. Nf3 Nc6 3. Bb5 a6 4. Ba4 Nf6 5. Qe2 b5 6. Bb3 Bc5 7. c3 O-O 8. O-O d6 9. Rd1 Bb6 10. a4 Bb7 11. d3 h6 12. h3 Re8 13. Nbd2 g6 14. Nf1 Kg7 15. Bc2 b4 16. Ng3 bxc3 17. bxc3 a5 18. Nh2 Qb8 19. Qf3 Rh8 20. Rb1 Qa7 21. Bb3 Raf8 22. Rf1 Bc8 23. Be3 Bd7 24. Bc4 Bc5 25. Rb5 Ne7 26. Bxc5 dxc5 27. Rb2 h5 28. Qe3 Rb8 29. Rxb8 Rxb8 30. f4 Be6 31. fxe5 Nd7 32. Bxe6 fxe6 33. Qg5 Re8 34. Nxh5+ Kg8 35. Nf6+ Nxf6 36. exf6 c4+ 37. d4 Kh7 38. Ng4 Ng8 39. Qh4+ 1-0

[Event "Hampshire Major"]
[Site "Eastleigh"]
[Date "2012.11.16"]
[Round "1"]
[White "Conway, Alexander"]
[Black "Samuels, Henry Alexander"]
[Result "1/2-1/2"]
[WhiteElo "1688"]
[BlackElo "1824"]
[PlyCount "59"]
[EventDate "2012.11.16"]
[EventType "swiss"]
[EventRounds "6"]
[EventCountry "ENG"]
[SourceTitle "BritBase"]
[Source "John Saunders"]
[SourceDate "2025.01.31"]
[SourceVersion "1"]
[SourceVersionDate "2025.01.31"]
[SourceQuality "1"]

1. e4 e5 2. Nf3 Nc6 3. d4 d6 4. dxe5 dxe5 5. Qxd8+ Kxd8 6. c3 f6 7. Bb5 Bd7 8. O-O a6 9. Ba4 Bc5 10. Rd1 Ke8 11. h3 Nge7 12. Nbd2 g5 13. Nf1 g4 14. hxg4 Bxg4 15. Rd3 Rd8 16. Rxd8+ Kxd8 17. Bd1 h5 18. Be3 Bd6 19. N1h2 Be6 20. Nh4 Ke8 21. g3 Kf7 22. f4 f5 23. N2f3 exf4 24. Ng5+ Kf6 25. gxf4 fxe4 26. Nxe4+ Kf7 27. Nxd6+ cxd6 28. Nf3 Nf5 29. Ng5+ Kf6 30. Bf2 1/2-1/2

[Event "Hampshire Major"]
[Site "Eastleigh"]
[Date "2012.11.16"]
[Round "1"]
[White "Jones, Gareth Aneurin"]
[Black "Wiseman, John M"]
[Result "1/2-1/2"]
[WhiteElo "1824"]
[BlackElo "1696"]
[PlyCount "55"]
[EventDate "2012.11.16"]
[EventType "swiss"]
[EventRounds "6"]
[EventCountry "ENG"]
[SourceTitle "BritBase"]
[Source "John Saunders"]
[SourceDate "2025.01.31"]
[SourceVersion "1"]
[SourceVersionDate "2025.01.31"]
[SourceQuality "1"]

1. Nf3 Nf6 2. g3 d5 3. Bg2 e6 4. O-O Nbd7 5. d4 Be7 6. c4 b6 7. Nc3 O-O 8. b3 Bb7 9. Bb2 c5 10. cxd5 Nxd5 11. e4 Nxc3 12. Bxc3 Bxe4 13. Qe2 Bd5 14. Rfd1 Qc7 15. Rac1 Qb7 16. Ne1 Nf6 17. dxc5 Bxg2 18. Nxg2 bxc5 19. Bxf6 Bxf6 20. Rxc5 Rac8 21. Rdc1 Rxc5 22. Rxc5 Rc8 23. Qc4 Rxc5 24. Qxc5 Be7 25. Qc4 Qd7 26. Ne3 h5 27. Qe4 f5 28. Qc4 1/2-1/2

[Event "Hampshire Major"]
[Site "Eastleigh"]
[Date "2012.11.16"]
[Round "1"]
[White "Matthew, Ian G"]
[Black "Foley, Phil T"]
[Result "1-0"]
[WhiteElo "1752"]
[BlackElo "1640"]
[PlyCount "127"]
[EventDate "2012.11.16"]
[EventType "swiss"]
[EventRounds "6"]
[EventCountry "ENG"]
[SourceTitle "BritBase"]
[Source "John Saunders"]
[SourceDate "2025.01.31"]
[SourceVersion "1"]
[SourceVersionDate "2025.01.31"]
[SourceQuality "1"]

1. e4 c5 2. Nf3 e6 3. d4 cxd4 4. Nxd4 Nf6 5. Nc3 Nc6 6. Nxc6 bxc6 7. e5 Nd5 8. Ne4 Qc7 9. f4 Be7 10. c4 Nb6 11. Nd6+ Bxd6 12. exd6 Qd8 13. Qd4 Qf6 14. Qxf6 gxf6 15. b3 Rg8 16. Bb2 Rg6 17. Kf2 Ba6 18. Re1 f5 19. Re3 Rb8 20. Ba3 Rc8 21. Bc5 f6 22. Be2 Rh6 23. h4 Kf7 24. h5 Re8 25. Re1 e5 26. Bd1 e4 27. g4 fxg4 28. Bxb6 axb6 29. Rxe4 Rxe4 30. Rxe4 f5 31. Re7+ Kf8 32. Rxd7 Ke8 33. Re7+ Kd8 34. Be2 Rxh5 35. Bd3 Bc8 36. Rf7 Rh6 37. Rf8+ Kd7 38. Bxf5+ Kxd6 39. Bxc8 Rh2+ 40. Ke1 g3 41. Rg8 Rg2 42. Bh3 Rxa2 43. Rxg3 Kc5 44. f5 Ra8 45. Kd2 b5 46. cxb5 cxb5 47. Rg7 Kb4 48. Kc2 Ra2+ 49. Kb1 Rf2 50. Rg2 Rf3 51. Bg4 Rf4 52. Kb2 h5 53. Bxh5 Rxf5 54. Rg4+ Kc5 55. b4+ Kd6 56. Be8 Ke7 57. Re4+ Kf6 58. Kc3 Rd5 59. Bc6 Rg5 60. Kd4 Kf7 61. Re5 Rg4+ 62. Kc5 Kf6 63. Rd5 Rc4+ 64. Kxb5 1-0

[Event "Hampshire Major"]
[Site "Eastleigh"]
[Date "2012.11.16"]
[Round "1"]
[White "Roberts, Michael"]
[Black "Williams, Robin J"]
[Result "1-0"]
[WhiteElo "1704"]
[BlackElo "1584"]
[PlyCount "67"]
[EventDate "2012.11.16"]
[EventType "swiss"]
[EventRounds "6"]
[EventCountry "ENG"]
[SourceTitle "BritBase"]
[Source "John Saunders"]
[SourceDate "2025.01.31"]
[SourceVersion "1"]
[SourceVersionDate "2025.01.31"]
[SourceQuality "1"]

1. d4 d5 2. e3 Nf6 3. f4 e6 4. Nf3 Nbd7 5. Bd3 c5 6. c3 cxd4 7. exd4 Be7 8. O-O Ne4 9. Ng5 Nxg5 10. fxg5 Bxg5 11. Qh5 Bf6 12. Be3 b6 13. Nd2 Qc7 14. Rae1 Bb7 15. Bf4 Qc6 16. Nf3 g6 17. Qh3 Bg7 18. Ng5 Nf8 19. Nxe6 Nxe6 20. Bb5 Qxb5 21. Rxe6+ Kf8 22. Bd6+ Kg8 23. Re7 Re8 24. Rxb7 Qxb2 25. Qd7 Bxd4+ 26. cxd4 Qxd4+ 27. Kh1 Kg7 28. Qxf7+ Kh6 29. Qf3 g5 30. Rf7 Qd2 31. Bf8+ Rhxf8 32. Rxf8 Re2 33. Qh3+ Kg6 34. Rg8# 1-0

[Event "Hampshire Major"]
[Site "Eastleigh"]
[Date "2012.11.16"]
[Round "1"]
[White "Ross, David EC"]
[Black "Smith, Steve J"]
[Result "1/2-1/2"]
[WhiteElo "1704"]
[BlackElo "1856"]
[PlyCount "60"]
[EventDate "2012.11.16"]
[EventType "swiss"]
[EventRounds "6"]
[EventCountry "ENG"]
[SourceTitle "BritBase"]
[Source "John Saunders"]
[SourceDate "2025.01.31"]
[SourceVersion "1"]
[SourceVersionDate "2025.01.31"]
[SourceQuality "1"]

1. e4 c5 2. Nf3 d6 3. d4 cxd4 4. Nxd4 Nf6 5. Nc3 g6 6. f4 a6 7. Be2 Bg7 8. e5 dxe5 9. fxe5 Nd5 10. e6 fxe6 11. O-O Nc6 12. Nxc6 bxc6 13. Ne4 Qb6+ 14. Kh1 Ne3 15. Bxe3 Qxe3 16. Nd6+ exd6 17. Qxd6 Ra7 18. Rae1 Qd4 19. Qb8 Ke7 20. c3 Qd7 21. Bg4 Qb7 22. Qg3 Rf8 23. Qh4+ Ke8 24. Qxh7 Rxf1+ 25. Rxf1 Qe7 26. Qxg6+ Kd8 27. h3 e5 28. Bxc8 Kxc8 29. Qxc6+ Kb8 30. Qb6+ Kc8 1/2-1/2

[Event "Hampshire Major"]
[Site "Eastleigh"]
[Date "2012.11.16"]
[Round "1"]
[White "Sullivan, Ken"]
[Black "Mallon, Gunnar"]
[Result "1-0"]
[WhiteElo "1640"]
[BlackElo "1736"]
[PlyCount "47"]
[EventDate "2012.11.16"]
[EventType "swiss"]
[EventRounds "6"]
[EventCountry "ENG"]
[SourceTitle "BritBase"]
[Source "John Saunders"]
[SourceDate "2025.01.31"]
[SourceVersion "1"]
[SourceVersionDate "2025.01.31"]
[SourceQuality "1"]

1. e4 e6 2. d4 d5 3. Nd2 Nf6 4. e5 Nfd7 5. Bd3 c5 6. c3 f6 7. Qh5+ Ke7 8. Ndf3 Qe8 9. exf6+ Nxf6 10. Qh4 Kd8 11. Ne5 Be7 12. Bg5 c4 13. Bc2 Nc6 14. Ngf3 Kc7 15. O-O h6 16. Bxf6 Bxf6 17. Qg3 Bxe5 18. Nxe5 Nxe5 19. Qxe5+ Kd8 20. Qxg7 Qg8 21. Qf6+ Ke8 22. Bg6+ Kd7 23. Bf7 Qd8 24. Qxe6+ 1-0